<?xml version="1.0" encoding="UTF-8"?>
<record
    xmlns:xsi="http://www.w3.org/2001/XMLSchema-instance"
    xsi:schemaLocation="http://www.loc.gov/MARC21/slim http://www.loc.gov/standards/marcxml/schema/MARC21slim.xsd"
    xmlns="http://www.loc.gov/MARC21/slim">

  <leader>01682    a2200193   4500</leader>
  <controlfield tag="001">25025</controlfield>
  <controlfield tag="005">20260407155533.0</controlfield>
  <controlfield tag="008">260407a1972    arg                 spa d</controlfield>
  <controlfield tag="003">AR-UNSa-BCEJYS</controlfield>
  <datafield tag="040" ind1=" " ind2=" ">
    <subfield code="a">AR-UNSa-BCEJYS</subfield>
    <subfield code="b">spa</subfield>
    <subfield code="c">AR-UNSa-BCEJYS</subfield>
  </datafield>
  <datafield tag="080" ind1=" " ind2=" ">
    <subfield code="a">349.2</subfield>
    <subfield code="x">Derecho del Trabajo</subfield>
  </datafield>
  <datafield tag="245" ind1="1" ind2="0">
    <subfield code="a">Desarrollo, integracion y derecho de trabajo</subfield>
    <subfield code="p">estudio esquem&#xE1;tico para am&#xE9;rica latina</subfield>
  </datafield>
  <datafield tag="264" ind1=" " ind2="1">
    <subfield code="a">Buenos Aires :</subfield>
    <subfield code="b">Astrea</subfield>
    <subfield code="c">1972</subfield>
  </datafield>
  <datafield tag="300" ind1=" " ind2=" ">
    <subfield code="a">318 p.</subfield>
    <subfield code="c">24 cm.</subfield>
  </datafield>
  <datafield tag="505" ind1=" " ind2=" ">
    <subfield code="a">1. Nociones preliminares &#x2013; 2. La empresa como unidad b&#xE1;sica del desarrollo econ&#xF3;mico &#x2013; 3. La funci&#xF3;n del Estado en el desarrollo  econ&#xF3;mico y social &#x2013; 4. La sociedad tradicional de Latinoam&#xE9;rica &#x2013; 5. Hacia el derecho de la integraci&#xF3;n &#x2013; 6. Los problemas sociales m&#xE1;s importantes de la integraci&#xF3;n &#x2013; 7. La OIT y los problemas sociales &#x2013; 8. La asociaci&#xF3;n latinoamericana de libre comercio (ALALC) &#x2013; 9. El programa andino y el acuerdo de integraci&#xF3;n subregional andino &#x2013; 10. El mercado com&#xFA;n centroamericano &#x2013; 11. La comisi&#xF3;n especial de coordinaci&#xF3;n latinoamericana (CECLA) &#x2013; 12. La carta de la OEA y el plan de acci&#xF3;n de Caraballeda &#x2013; 13. Las comunidades econ&#xF3;micas europeas &#x2013; 14. La Rep&#xFA;blica Argentina y los pa&#xED;ses lim&#xED;trofes &#x2013; 15. El desarrollo econ&#xF3;mico argentino &#x2013; 16. Sistema nacional de planeamiento y acci&#xF3;n para el desarrollo &#x2013; 17. Pol&#xED;ticas nacionales &#x2013; 18. Desarrollo y defensa nacional &#x2013; 19. El fondo de ahorro para la participaci&#xF3;n en el desarrollo econ&#xF3;mico &#x2013; 20. Derecho laboral, sindical y previsional de la Rep&#xFA;blica Argentina - </subfield>
  </datafield>
  <datafield tag="942" ind1=" " ind2=" ">
    <subfield code="c">BK</subfield>
  </datafield>
  <datafield tag="590" ind1=" " ind2=" ">
    <subfield code="a">niveau_biblio:m niveau_hierar:0</subfield>
  </datafield>
  <datafield tag="100" ind1="1" ind2=" ">
    <subfield code="a">N&#xE1;poli, Rodolfo A.</subfield>
  </datafield>
  <datafield tag="999" ind1=" " ind2=" ">
    <subfield code="c">1270</subfield>
    <subfield code="d">1270</subfield>
  </datafield>
  <datafield tag="952" ind1=" " ind2=" ">
    <subfield code="0">0</subfield>
    <subfield code="1">0</subfield>
    <subfield code="4">0</subfield>
    <subfield code="7">0</subfield>
    <subfield code="a">BCEJYS</subfield>
    <subfield code="b">BCEJYS</subfield>
    <subfield code="c">16</subfield>
    <subfield code="d">2026-04-07</subfield>
    <subfield code="l">0</subfield>
    <subfield code="o">349.2 N216</subfield>
    <subfield code="p">L25543</subfield>
    <subfield code="r">2026-04-07 15:55:33</subfield>
    <subfield code="w">2026-04-07</subfield>
    <subfield code="y">L</subfield>
  </datafield>
  <datafield tag="952" ind1=" " ind2=" ">
    <subfield code="0">0</subfield>
    <subfield code="1">0</subfield>
    <subfield code="4">0</subfield>
    <subfield code="7">0</subfield>
    <subfield code="a">BCEJYS</subfield>
    <subfield code="b">BCEJYS</subfield>
    <subfield code="c">16</subfield>
    <subfield code="d">2026-04-07</subfield>
    <subfield code="l">0</subfield>
    <subfield code="o">349.2 N216</subfield>
    <subfield code="p">L25542</subfield>
    <subfield code="r">2026-04-07 15:55:33</subfield>
    <subfield code="w">2026-04-07</subfield>
    <subfield code="y">L</subfield>
  </datafield>
  <datafield tag="952" ind1=" " ind2=" ">
    <subfield code="0">0</subfield>
    <subfield code="1">0</subfield>
    <subfield code="4">0</subfield>
    <subfield code="7">0</subfield>
    <subfield code="a">BCEJYS</subfield>
    <subfield code="b">BCEJYS</subfield>
    <subfield code="c">16</subfield>
    <subfield code="d">2026-04-07</subfield>
    <subfield code="l">0</subfield>
    <subfield code="o">349.2 N216</subfield>
    <subfield code="p">L25541</subfield>
    <subfield code="r">2026-04-07 15:55:33</subfield>
    <subfield code="w">2026-04-07</subfield>
    <subfield code="y">L</subfield>
  </datafield>
  <datafield tag="952" ind1=" " ind2=" ">
    <subfield code="0">0</subfield>
    <subfield code="1">0</subfield>
    <subfield code="4">0</subfield>
    <subfield code="7">0</subfield>
    <subfield code="a">BCEJYS</subfield>
    <subfield code="b">BCEJYS</subfield>
    <subfield code="c">16</subfield>
    <subfield code="d">2026-04-07</subfield>
    <subfield code="l">0</subfield>
    <subfield code="o">349.2 N216</subfield>
    <subfield code="p">L25540</subfield>
    <subfield code="r">2026-04-07 15:55:33</subfield>
    <subfield code="w">2026-04-07</subfield>
    <subfield code="y">L</subfield>
  </datafield>
</record>
